• 首页
  • 本馆介绍
  • 公告通知
  • 最新文献
  • 馆藏检索
  • 电子资源
  • 读者导购
  • 参考咨询
  • 我的图书馆
  • 登录
  • 详细信息显示
  • 放入我的书架
  • 预约/预借图书
  • 作者相关作品
  • 分类相关作品
  • 丛书相关作品
  • 出版社相关作品

书目信息

  • 表格格式
  • 工作单格式
  • 卡片格式
题名:
京津冀方言词汇一体化的过程
    
 
作者: 高光新 著
分册:  
出版信息: 长春   吉林大学出版社  2016.11
页数: 203页
开本: 20cm
丛书名:
单 册:
中图分类: H172.1
科图分类:
主题词: 汉语方言
电子资源:
ISBN: 7-5677-8038-0
000 00605nam0 2200193 450
001 2531859888
005 20250319085342.72
010    @a7-5677-8038-0@dCNY29.00
100    @a20250319d2016 km y0chiy0120 ea
101 0  @achi
102    @aCN@b220000
200 1  @a京津冀方言词汇一体化的过程@AJing Jin Ji Fang Yan Ci Hui Yi Ti Hua De Guo Cheng@f高光新著@FGao Guang Xin Zhu
210    @a长春@c吉林大学出版社@d2016.11
215    @a203页@d20cm
606 0  @a汉语方言
690    @aH172.1@v4
701  0 @a高光新@AGao Guang Xin@4著
801  0 @aCN@b大连网信软件有限公司图书馆·11@c20250319
905    @aZUCC@dH172.1@e135
    
    京津冀方言词汇一体化的过程/高光新著.-长春:吉林大学出版社,2016.11
    203页;20cm
    
    
    ISBN 7-5677-8038-0:CNY29.00
    
●
相关链接 在E读中查询图书 在五车中查询图书 在当当中查询图书 在豆瓣中查询图书


正题名:京津冀方言词汇一体化的过程     索取号:H172.1/135         预约/预借

序号 登录号 条形码 馆藏地/架位号 状态 备注
1 1439819   214398196   第二样本阅览室/ [索取号:H172.1/135] 在馆    
2 1439820   214398203   第四借阅区/ [索取号:H172.1/135] 在馆    
3 1439821   214398212   第四借阅区/ [索取号:H172.1/135] 在馆    
4 1439822   214398221   第四借阅区/ [索取号:H172.1/135] 在馆    
5 1439823   214398230   第四借阅区/ [索取号:H172.1/135] 在馆    
唐山师范学院图书馆 欢迎您!
大连网信软件有限公司© 版权所有